Investitionsprozess Vorbereitung und Durchführung von Anlageninvestitionen

Na minha lista:
Detalhes bibliográficos
Outros Autores: Berg, Dieter, Schulze, Rolf
Formato: Livro
Idioma:alemão
Publicado em: Leipzig Deutscher Verlag für Grundstindustrie 1986
Edição:1. Aufl.
Tags: Adicionar Tag
Sem tags, seja o primeiro a adicionar uma tag!

MARC

LEADER 00000nam a2200000 4500
001 c027951
005 20221220071726.3
041 0 |a ger 
044 |a DE 
245 1 0 |a Investitionsprozess  |b Vorbereitung und Durchführung von Anlageninvestitionen  |c Red. Dieter Berg, Rolf Schulze 
250 |a 1. Aufl. 
264 1 |a Leipzig  |b Deutscher Verlag für Grundstindustrie  |c 1986 
300 |a 432 s. 
700 1 |a Berg, Dieter 
700 1 |a Schulze, Rolf